| 000 | 00438nam a2200181Ia 4500 | ||
|---|---|---|---|
| 008 | 230524s9999 xx 000 0 und d | ||
| 020 | _a007463996X | ||
| 082 |
_a621.3891 _bSIL |
||
| 100 | _aS.Salivahanam | ||
| 245 | 0 | _aDigital Signal Processing | |
| 250 | _a1ST | ||
| 260 |
_aNEW DELHI _bTMH _c2005 |
||
| 300 | _aXIII;802 | ||
| 500 | _aQuantity Number: 122 | ||
| 650 | _aElectronics | ||
| 700 | _a", C Gnanapriya,,," | ||
| 942 | _cBK | ||
| 999 |
_c8255 _d8255 |
||